Athletics by Picture - Javelin throw - Statistics

General Stats
  • This quiz has been taken 26 times
    5 since last reset
  • The average score is 8 of 20
Answer Stats
Picture Hint Answer % Correct
PAK - Olympic champion 2024 Arshad Nadeem
80%
CZE - WR holder, Olympic champion 1992, 1996 & 2000, World champion 1993, 1995 & 2001 Jan Železný
80%
GER - World champion 2017 Johannes Vetter
80%
TRI - Olympic champion 2012, World champion 2025 Keshorn Walcott
80%
IND - Olympic champion 2020, World champion 2023 Neeraj Chopra
80%
GRN - World champion 2019 & 2022 Anderson Peters
60%
CZE - WR holder, Olympic champion 2008 & 2012, World champion 2011 & 2017 Barbora Špotáková
60%
KEN - World champion 2015 Julius Yego
60%
GER - Olympic champion 2016 Thomas Röhler
60%
NOR - Olympic champion 2004 & 2008, World champion 2009 Andreas Thorkildsen
40%
JPN - Olympic champion 2024, World champion 2023 Haruka Kitaguchi
40%
CHN - Olympic champion 2020 Liu Shiying
20%
GER - Olympic champion 1988 Petra Felke
20%
GBR - Olympic silver medallist 1996 & 2000 Steve Backley
20%
ECU - World champion 2025 Juleisy Angulo
0%
AUS - World champion 2019 & 2022 Kelsey-Lee Barber
0%
GRE - World champion 1999 & 2003 Mirela Maniani
0%
CUB - Olympic champion 2004, World champion 2005 Osleidys Menéndez
0%
CRO - Olympic champion 2016 Sara Kolak
0%
NOR - Olympic champion 2000, World champion 1993 & 1997 Trine Hattestad
0%
No matching quizzes found
Score Distribution
Percent of People with Each Score
Percentile by Number Answered
Your Score History
You have not taken this quiz since the last reset